| 000 | nam a22 a 4500 | ||
|---|---|---|---|
| 999 |
_c40575 _d40575 |
||
| 003 | BLK | ||
| 005 | 20221125090233.0 | ||
| 008 | 180408b bul|||||r ||||||| ||bul|| | ||
| 010 | _aKNG00044053000 | ||
| 040 | _aBLK | ||
| 041 |
_aBUL _cBUL |
||
| 080 |
_aЛатинска (римска) литература _b821.124 _x-1 _z821.124-1 |
||
| 100 | 1 |
_aВергилий Марон, Публий _eпърви автор _9277262 |
|
| 139 |
_aВергилий Марон, Публий _bВ 48 |
||
| 245 | 1 | 0 |
_aЕнеида _bПоема _cПублий Вергилий Марон; прев. Борис Тонков |
| 257 | _aITA | ||
| 260 |
_aСофия _bНар. култура _c1979 |
||
| 300 |
_a370 с. _c20 см |
||
| 380 | _a82 | ||
| 650 | 4 |
_aДревен Рим - поезия _9261439 |
|
| 653 | _aДревен Рим | ||
| 653 | _aпоеми | ||
| 700 | 1 |
_aТонков, Борис _eпрев. _9277282 |
|
| 852 |
_aЦб 97618 _bЦб |
||
| 856 | 4 |
_qpdf _i0.00 _ldisable |
|
| 942 |
_cKNG _n0 _03 _s1 |
||
| 944 |
_aCR _c30.08.2016 _kИрена_Линкова |
||
| 944 |
_aED _c24.10.2016 _kЛюдмила_Стоянова |
||